Normal view
MARC view
- VIGOUREUX, P,BOOTH, C.F
Entry Personal Name
001 - CONTROL NUMBER
- control field: 76958
003 - CONTROL NUMBER IDENTIFIER
- control field: NUST
005 - DATE AND TIME OF LATEST TRANSACTION
- control field: 20210628205750.0
008 - FIXED-LENGTH DATA ELEMENTS
- fixed length control field: 210628|| aca||aabn | a|a d
040 ## - CATALOGING SOURCE
- Original cataloging agency: NUST
- Transcribing agency: NUST
100 ## - HEADING--PERSONAL NAME
- Personal name: VIGOUREUX, P,BOOTH, C.F
670 ## - SOURCE DATA FOUND
- Source citation: Work cat.: (NUST): VIGOUREUX, P,BOOTH, C.F, QUALITY VIBRATORS AND THEIR APPLICATIONS, 1950
